Documents d'estudi sobre l'ordenació del teatre a Catalunya / [elaborat per l'Institut del Teatre de Barcelona]
Descripción Física:
24 p. ; 21 cm
Materias:
Teatre -- Dret i legislació -- Catalunya
MARC
| LEADER | 00000nam a2200000Ia 4500 | ||
|---|---|---|---|
| 001 | 17959 | ||
| 008 | 160829s1978 xx 000 0 cat d | ||
| 080 | |a FU-49-22 | ||
| 245 | |a Documents d'estudi sobre l'ordenació del teatre a Catalunya / [elaborat per l'Institut del Teatre de Barcelona] | ||
| 260 | |a Barcelona : |b l'Institut. Diputació Provincial de Barcelona, |c 1978 | ||
| 300 | |a 24 p. ; |c 21 cm | ||
| 650 | |a Teatre |x Dret i legislació |x Catalunya |9 20778 | ||
| 710 | 1 | |a Institut del Teatre (Barcelona, Catalunya) |9 52662 | |
| 901 | |a Arxiu | ||
| 942 | |n 1 | ||
| 952 | |0 0 |1 0 |4 0 |6 FU4922 |7 1 |9 41665 |a Arxiu |b Arxiu |d 2016-12-01 |l 0 |o FU-49-22 |p 17959 |r 2016-12-01 00:00:00 |w 2016-12-01 |y ARXIU | ||
| 999 | |c 43555 |d 43555 | ||